Managing change

Enregistré dans:
Détails bibliographiques
Auteur principal: Burnes, Bernard
Format: Livre
Publié: Pearson
Tags: Ajouter un tag
Pas de tags, Soyez le premier à ajouter un tag!

MARC

LEADER 00000nam a2200000Ia 4500
005 20260515061615.0
100 |a Burnes, Bernard, 
020 |a 9789353946777 
942 |c BK 
245 |a Managing change  
260 |b Pearson 
999 |c 22  |d 22 
952 |0 0  |1 0  |4 0  |7 0  |a ABDN  |b ABDN  |d 2026-05-15  |l 0  |p 000083  |r 2026-05-15 06:16:15  |w 2026-05-15  |y BK